| 000 | 01748cam a2200325 i 4500 | ||
|---|---|---|---|
| 942 | _cBK | ||
| 999 |
_c502 _d502 |
||
| 001 | 17429746 | ||
| 003 | OSt | ||
| 005 | 20250420134813.0 | ||
| 008 | 120814s2013 enka b 001 0 eng | ||
| 010 | _a 2012032874 | ||
| 020 | _a9780521618557 (paperback) | ||
| 040 |
_aDLC _beng _cKCST |
||
| 050 | 0 | 0 |
_aQB361 _b.L57 2013 |
| 082 | 0 | 0 |
_a523.98 _223 _bLi Fu |
| 100 | 1 |
_aLissauer, Jack Jonathan. _94726 |
|
| 245 | 1 | 0 |
_aFundamental planetary science _bphysics, chemistry, and habitability / _cJack Lissauer, NASA Ames Research Center and Imke de Pater, University of California, Berkeley, and delft University of Technology. |
| 260 |
_aNew York, NY, USA : _bCambridge University Press, _c2013. |
||
| 300 |
_axiv, 583 pages, 32 unnumbered pages of plates : _billustrations (some color) ; _c25 cm |
||
| 504 | _aIncludes bibliographical references (pages 553-560) and index. | ||
| 505 | 8 | _aMachine generated contents note: 1. Introduction; 2. Dynamics; 3. Solar heating and energy transport; 4. Planetary atmospheres; 5. Planetary surfaces; 6. Planetary interiors; 7. Magnetic fields and plasmas; 8. Meteorites; 9. Minor planets; 10. Comets; 11. Planetary rings; 12. Extrasolar planets; 13. Planet formation; 14. Planets and life; Index. | |
| 520 |
_a"A quantitative, broad-based introduction to planetary systems science for advanced undergraduate students, including planet formation, extrasolar planets, and planetary habitability"-- _cProvided by publisher. |
||
| 650 | 0 |
_aPlanetary theory. _94727 |
|
| 650 | 0 |
_aPlanets _xGeology. _94728 |
|
| 650 | 0 |
_aPlanets _xAtmospheres. _94729 |
|
| 650 | 0 |
_aPlanetary rings. _94730 |
|
| 650 | 7 |
_aSCIENCE / Astronomy. _2bisacsh _94731 |
|
| 700 | 1 |
_aDe Pater, Imke, _d1952- _94732 |
|
| 942 | _2ddc | ||